<?xml version="1.0" encoding="UTF-8"?>
<record
    xmlns:xsi="http://www.w3.org/2001/XMLSchema-instance"
    xsi:schemaLocation="http://www.loc.gov/MARC21/slim http://www.loc.gov/standards/marcxml/schema/MARC21slim.xsd"
    xmlns="http://www.loc.gov/MARC21/slim">

  <leader>00647nam a22001817a 4500</leader>
  <datafield tag="020" ind1=" " ind2=" ">
    <subfield code="a">9789693533149</subfield>
  </datafield>
  <datafield tag="082" ind1=" " ind2=" ">
    <subfield code="a">891.4393</subfield>
    <subfield code="b">TAR</subfield>
  </datafield>
  <datafield tag="100" ind1=" " ind2=" ">
    <subfield code="a">Tarar, Mustansar Hussain</subfield>
  </datafield>
  <datafield tag="245" ind1=" " ind2=" ">
    <subfield code="a">Shehar khali kocha khali/</subfield>
    <subfield code="c">Mustansar HussainTarar</subfield>
  </datafield>
  <datafield tag="260" ind1=" " ind2=" ">
    <subfield code="a">Lahore :</subfield>
    <subfield code="b">Sang-e-Meel publications, </subfield>
    <subfield code="c">2020.</subfield>
  </datafield>
  <datafield tag="300" ind1=" " ind2=" ">
    <subfield code="a">216p. :</subfield>
    <subfield code="c">25cm. </subfield>
  </datafield>
  <datafield tag="563" ind1=" " ind2=" ">
    <subfield code="a">HB</subfield>
  </datafield>
  <datafield tag="650" ind1=" " ind2=" ">
    <subfield code="a">Urdu literature - Novel.</subfield>
    <subfield code="9">1164</subfield>
  </datafield>
  <datafield tag="880" ind1=" " ind2=" ">
    <subfield code="6">100-01\(3\r</subfield>
    <subfield code="a">&#x645;&#x633;&#x62A;&#x646;&#x635;&#x631; &#x62D;&#x633;&#x6CC;&#x646; &#x62A;&#x627;&#x631;&#x691;</subfield>
  </datafield>
  <datafield tag="880" ind1=" " ind2=" ">
    <subfield code="6">245-02\(3\r</subfield>
    <subfield code="a">&#x634;&#x6C1;&#x631; &#x62E;&#x627;&#x644;&#x6CC;&#x60C; &#x6A9;&#x648;&#x686;&#x6C1; &#x62E;&#x627;&#x644;&#x6CC;\</subfield>
    <subfield code="b">&#x645;&#x633;&#x62A;&#x646;&#x635;&#x631; &#x62D;&#x633;&#x6CC;&#x646; &#x62A;&#x627;&#x631;&#x691;</subfield>
  </datafield>
  <datafield tag="880" ind1=" " ind2=" ">
    <subfield code="6">260-03\(3\r</subfield>
    <subfield code="a">&#x644;&#x627;&#x6C1;&#x648;&#x631;:</subfield>
    <subfield code="b">&#x633;&#x646;&#x6AF; &#x645;&#x6CC;&#x644; &#x67E;&#x628;&#x644;&#x634;&#x631;&#x632;,</subfield>
    <subfield code="c">2020.</subfield>
  </datafield>
  <datafield tag="942" ind1=" " ind2=" ">
    <subfield code="2">ddc</subfield>
    <subfield code="c">BK</subfield>
  </datafield>
  <datafield tag="999" ind1=" " ind2=" ">
    <subfield code="c">614137</subfield>
    <subfield code="d">614137</subfield>
  </datafield>
  <datafield tag="952" ind1=" " ind2=" ">
    <subfield code="0">0</subfield>
    <subfield code="1">0</subfield>
    <subfield code="2">ddc</subfield>
    <subfield code="4">0</subfield>
    <subfield code="6">891_439300000000000_TAR</subfield>
    <subfield code="7">0</subfield>
    <subfield code="9">641377</subfield>
    <subfield code="a">CL</subfield>
    <subfield code="b">CL</subfield>
    <subfield code="d">2025-07-08</subfield>
    <subfield code="l">1</subfield>
    <subfield code="o">891.4393 TAR</subfield>
    <subfield code="p">CL-D-2944</subfield>
    <subfield code="r">2026-04-08</subfield>
    <subfield code="s">2025-10-07</subfield>
    <subfield code="w">2025-07-08</subfield>
    <subfield code="y">BK</subfield>
  </datafield>
</record>
